| 000 | 00971nam a22002177a 4500 | ||
|---|---|---|---|
| 999 |
_c20989 _d20989 |
||
| 003 | AR-CdUCM | ||
| 008 | 190723b ||||| |||| 00| 0 spa d | ||
| 040 |
_aMUNICIPALIDAD PROVINCIAL DEL CUSCO _cBIBLIOTECA MUNICIPAL DEL CUSCO |
||
| 082 |
_aC / 985.612 / _bG17 |
||
| 100 |
_aGamarra Moscoso, Manuel _932983 |
||
| 245 |
_aChoquetakarpu (Kachiqhata) : _bla cantera viviente del Ollantaytambo / |
||
| 260 |
_aCusco : _c1997. |
||
| 300 |
_a33 páginas ; _bilustraciones , mapas ; _c30 cm. |
||
| 500 | _apublicación auspiciada por la Universidad Nacional San Antonio Abad del Cusco | ||
| 505 | _aContenido : Marco geográfico parque arqueológico Ollantaytambo -- Algunos antecedentes de la arquitectura inka -- Una propuesta educativa - turística para conocer la cantera de Choquetakarpu (Kachiqhata) de Ollantaytambo. | ||
| 650 |
_aOllantaytambo _93165 |
||
| 650 |
_aCanteras _943780 |
||
| 650 |
_aEducación y cultura _99103 |
||
| 942 |
_2ddc _cLIBROS |
||
| 945 | _azta | ||